| 000 | 00995nam a22002417a 4500 | ||
|---|---|---|---|
| 003 | OSt | ||
| 005 | 20151103110602.0 | ||
| 008 | 130715s2012 sp ||||| |||| 00| 0 cat d | ||
| 040 | _cCDMR | ||
| 100 | 1 |
_93304 _aTeixidor i Colomer, Anna |
|
| 245 | 1 | 0 |
_aJosep Puig Pujades (1883-1949) _b: cultura, periodisme i pensament polític en el catalanisme republicà _cAnna Teixidor i Colomer ; director Jaume Guillamet _h[recurs electrònic] |
| 260 |
_c2013 _aBarcelona |
||
| 300 | _a1135 p. | ||
| 502 |
_aTesi doctoral defensada el 14 de març de 2013 _cUniversitat Pompeu Fabra. Departament de Comunicació |
||
| 600 | 1 |
_93932 _aPuig Pujades, Josep _d1883-1949 |
|
| 650 | 0 | 4 |
_93139 _aPeriodistes catalans _vBiografia |
| 650 | 0 | 4 |
_93379 _aNacionalisme _zCatalunya _yS. XX |
| 650 | 0 | 4 |
_92994 _aTesis i dissertacions acadèmiques |
| 700 | 1 |
_9417 _aGuillamet, Jaume |
|
| 710 | 2 |
_9619 _aUniversitat Pompeu Fabra |
|
| 856 | 4 | 0 |
_uhttp://hdl.handle.net/10803/108719 _yDisponible en línia (TDX) |
| 942 |
_2udc _cTSN-E |
||
| 999 |
_c6589 _d6589 |
||